| 000 | 00558nam a22001817a 4500 | ||
|---|---|---|---|
| 999 |
_c181953 _d181953 |
||
| 005 | 20211012103159.0 | ||
| 010 | _aB-741743 | ||
| 020 |
_c599.00 _a9789389253702 |
||
| 035 | _aB-741743 | ||
| 037 | _bGift | ||
| 082 | _aS | ||
| 245 | _aHunderd(100) Greatest Stories for Young children | ||
| 260 |
_aGurugram _bHachette Book Publishing _c2020 |
||
| 270 |
_a4th and 5th Floors, Corporate Centre, Plot No.94 _bGurugram _e122003 |
||
| 300 |
_a550 p. _c21cm(Hb) _bill |
||
| 942 |
_2ddc _cCH _hS _mHUN |
||